00383 2200157 4500001002100000008004100021035002000062245004300082100001600125250000600141260003000147084001400177082000800191650001400199990001200213INLIS000000000001534 ind  a0010-0125000032 aEkonomi Untuk SMA Kelas XIcWahyu Adji aAdji, Wahyu a1 aJakarta :bErlanggac2007 a330 WAH e a330 aNon Fiksi a0715283